00382nam a2200121Ia 4500008004100000082002000041100002200061245003500083260003000118300001000148630001800158650008400176211109s9999||||xx |||||||||||||| ||und|| a894.8123bRAJ-N aRajasekharan, P K 0aNovel: Bodhavum Prathibodhavum bD c BooksaKottayamc1992 a124p. xGENERAL STACK aMalayalam LiteraturevMalayalam FictionxMalayalam NovelsShort StoriesMalayalam